000
00322nam a2200133Ia 4500
005
20260328101452.0
008
260328s9999||||xx |||||||||||||| ||und||
100
_a
Gardiner, Stephen
245
0
_a
Le Corbusier /
_c
Stephen Gardiner
260
_b
Fontana
300
_a
127 p.
650
_a
ARQUITECTURA MODERNA
942
_c
BK
999
_c
8689
_d
8689